Normal view
MARC view
- S. Kantor ; Robert J. Naiman ; Robert E. Bilby
Entry Personal Name
001 - CONTROL NUMBER
- control field: 27662
003 - CONTROL NUMBER IDENTIFIER
- control field: NUST
005 - DATE AND TIME OF LATEST TRANSACTION
- control field: 20200116131040.0
008 - FIXED-LENGTH DATA ELEMENTS
- fixed length control field: 200116|| aca||aabn | a|a d
040 ## - CATALOGING SOURCE
- Original cataloging agency: NUST
- Transcribing agency: NUST
100 ## - HEADING--PERSONAL NAME
- Personal name: S. Kantor ; Robert J. Naiman ; Robert E. Bilby
670 ## - SOURCE DATA FOUND
- Source citation: Work cat.: (NUST): S. Kantor ; Robert J. Naiman ; Robert E. Bilby, River Ecology and Management: Lessons from the Pacific Coastal Ecoregion, c1998
